000
00319nam a2200133Ia 4500
005
20251222143112.0
008
251222s9999||||xx |||||||||||||| ||spa||
020
_a
84-329-9334-4
082
_a
371.11/M26
100
_a
Marcelo GarcĂa, Carlos
245
0
_a
El Pensamiento del Profesor
264
_b
Ceac
942
_c
LIB
999
_c
11193
_d
11193